John Steinbeck

Đã lưu trong:
Chi tiết về thư mục
Tác giả chính: French, Warren (Tác giả)
Định dạng: Sách
Ngôn ngữ:Tiếng Anh
Được phát hành: Boston Twayne Publishers 1975
Phiên bản:2a. ed
Loạt:Twayne's United States Authors Series. TUSAS, 2
Những chủ đề:
Các nhãn: Thêm thẻ
Không có thẻ, Là người đầu tiên thẻ bản ghi này!

MARC

LEADER 00000nam a2200000 a 4500
001 UCQ2512
003 CL-VaPUC
008 980724e19750000US |||||||||||||||||eng|d
082 0 4 |a 813.09  |b FRE  |2 21 
100 0 |a French, Warren  |e author  |9 416442 
245 1 0 |a John Steinbeck 
250 |a 2a. ed 
300 |a 189 p 
942 |c BK 
945 |d 19980724 00:00:00  |a crobeson 
260 |a Boston  |b Twayne Publishers  |c 1975 
600 0 7 |a STEINBECK, JOHN  |2 CL-VaPUC  |9 416388 
650 7 |a NOVELA ESTADOUNIDENSE  |2 CL-VaPUC  |9 266286 
650 0 |a Literatura estadounidense  |9 317168 
650 0 |a Crítica e interpretación   |9 255042 
650 0 |a Crítica literaria   |9 269189 
583 |a last modification  |c 19980724 00:00:00  |k Rodrigo Vera 
490 0 |a Twayne's United States Authors Series. TUSAS, 2 
999 |c 273330  |d 273328 
952 |0 0  |1 0  |4 0  |6 813_090000000000000_FRE_1975  |7 0  |8 A  |9 308787  |a BIBEDU  |b BIBEDU  |d 2019-11-20  |i 1448420  |o 813.09 FRE 1975  |p 1448420  |r 2019-11-20  |w 2019-11-20  |y BK  |k LIT